[Event "23. Copenhagen Open  (Politiken Cup)"]
[Site "Copenhagen"]
[Date "2001.07.17"]
[Round "2"]
[White "Brinck Claussen, Bjorn"]
[Black "Nielsen, Torben"]
[Result "1-0"]
[WhiteElo "2355"]
[BlackElo "1840"]
[PlyCount "107"]
[EventDate "2001.07.16"]
[EventType "swiss"]
[EventRounds "11"]
[EventCountry "DEN"]
[SourceDate "2004.01.01"]

1. e4 c5 2. Nf3 Nc6 3. d4 cxd4 4. Nxd4 Nf6 5. Nc3 e5 6. Ndb5 d6 7. Bg5 a6 8.
Na3 b5 9. Nd5 Be7 10. Bxf6 Bxf6 11. c3 Bb7 12. Nc2 O-O 13. a4 bxa4 14. Rxa4 Nb8
15. Nce3 Nd7 16. b4 Bg5 17. Nc4 Nf6 18. Nxf6+ Qxf6 19. Nb6 Bh4 20. g3 Bxe4 21.
Nxa8 Bxh1 22. Nb6 Bf3 23. Be2 Bxe2 24. Qxe2 Bg5 25. h4 Bh6 26. Rxa6 Qf5 27. Kf1
g6 28. Kg2 Qe6 29. Qc4 Qxc4 30. Nxc4 Rc8 31. Nxd6 Rxc3 32. Ra7 f6 33. b5 Rb3
34. Ne8 f5 35. Nf6+ Kf8 36. Nxh7+ Kg8 37. Nf6+ Kf8 38. b6 Rb2 39. Kh3 Bg7 40.
b7 Bxf6 41. Ra8+ Kf7 42. b8=Q Rxb8 43. Rxb8 e4 44. Rb7+ Ke6 45. Rb6+ Kf7 46.
Rb4 Bc3 47. Rc4 Bd2 48. Kg2 Kf6 49. Kf1 e3 50. f3 g5 51. Rc6+ Ke5 52. hxg5 e2+
53. Kxe2 Bxg5 54. f4+ 1-0

[Event "23. Copenhagen Open  (Politiken Cup)"]
[Site "Copenhagen"]
[Date "2001.07.17"]
[Round "2"]
[White "Brynell, Stellan"]
[Black "Roder, Peter"]
[Result "1-0"]
[WhiteElo "2486"]
[BlackElo "2174"]
[PlyCount "53"]
[EventDate "2001.07.16"]
[EventType "swiss"]
[EventRounds "11"]
[EventCountry "DEN"]
[SourceDate "2004.01.01"]

1. e4 e6 2. d4 d5 3. Nd2 c5 4. Ngf3 Nc6 5. exd5 exd5 6. Bb5 Bd6 7. dxc5 Bxc5 8.
O-O Nge7 9. Nb3 Bb6 10. Re1 O-O 11. Be3 Bf5 12. Bxb6 Qxb6 13. a4 Rad8 14. Nfd4
Bg6 15. a5 Qc7 16. c3 Rd6 17. Bxc6 bxc6 18. Nc5 Nf5 19. b4 Rf6 20. Nxf5 Rxf5
21. Qd2 h6 22. Re3 Rh5 23. h3 Qf4 24. Nd7 Be4 25. Nxf8 Kxf8 26. Qe2 g6 27. f3
1-0

[Event "23. Copenhagen Open  (Politiken Cup)"]
[Site "Copenhagen"]
[Date "2001.07.17"]
[Round "2"]
[White "Christensen, Esben"]
[Black "Lezcano Jaen, Pedro"]
[Result "0-1"]
[WhiteElo "2115"]
[BlackElo "2386"]
[PlyCount "62"]
[EventDate "2001.07.16"]
[EventType "swiss"]
[EventRounds "11"]
[EventCountry "DEN"]
[SourceDate "2004.01.01"]

1. e4 Nf6 2. Nc3 d5 3. exd5 Nxd5 4. Nf3 Nxc3 5. bxc3 g6 6. Bc4 Bg7 7. O-O O-O
8. Re1 c5 9. Ne5 Nd7 10. f4 e6 11. Nxf7 Rxf7 12. Bxe6 Nf6 13. Bxf7+ Kxf7 14.
Qe2 Bf5 15. Rb1 b6 16. d4 cxd4 17. Qc4+ Qd5 18. Qc7+ Qd7 19. Qc4+ Be6 20. Qa6
Rc8 21. Qe2 Nd5 22. Bd2 Nxc3 23. Bxc3 Rxc3 24. a4 Bc4 25. Qd2 Qf5 26. Rb2 Bf6
27. a5 b5 28. g3 h5 29. Qg2 Bd5 30. Qe2 Bc6 31. Rf1 Qd5 0-1

[Event "23. Copenhagen Open  (Politiken Cup)"]
[Site "Copenhagen"]
[Date "2001.07.17"]
[Round "2"]
[White "Christensen, Stefan"]
[Black "Ward, Christopher"]
[Result "0-1"]
[WhiteElo "2164"]
[BlackElo "2493"]
[PlyCount "106"]
[EventDate "2001.07.16"]
[EventType "swiss"]
[EventRounds "11"]
[EventCountry "DEN"]
[SourceDate "2004.01.01"]

1. f4 d5 2. b3 Bg4 3. h3 Bh5 4. g4 e5 5. Bg2 Bg6 6. f5 Bxf5 7. gxf5 Qh4+ 8. Kf1
Qf4+ 9. Ke1 Qg3+ 10. Kf1 Qf4+ 11. Ke1 Be7 12. Nf3 e4 13. d3 Qg3+ 14. Kf1 exf3
15. exf3 Qe5 16. d4 Qxf5 17. h4 Nf6 18. Bh3 Qh5 {#} 19. Bc8 Nbd7 20. Bxb7 Rb8
21. Bc6 Rb6 22. Bxd7+ Nxd7 23. Nc3 O-O 24. f4 Qxd1+ 25. Nxd1 Nf6 26. f5 Re8 27.
Bf4 Bd6 28. Bxd6 Rxd6 29. Nf2 Rc6 30. Rc1 Rc3 31. Rh3 Rxh3 32. Nxh3 Re4 33. c3
Rxh4 34. Kg2 Kf8 35. Kg3 Re4 36. Kf3 g6 37. Nf2 Rh4 38. Kg3 g5 39. Nd3 Ne4+ 40.
Kg2 Rg4+ 41. Kf1 Rg3 42. Ke2 Rg2+ 43. Ke3 h5 44. c4 h4 45. cxd5 Nf6 46. Nf2 h3
47. Nxh3 Rg3+ 48. Kf2 Rxh3 49. Rxc7 Nxd5 50. Rxa7 g4 51. Ra5 Rf3+ 52. Kg2 Ne3+
53. Kh2 g3+ 0-1

[Event "23. Copenhagen Open  (Politiken Cup)"]
[Site "Copenhagen"]
[Date "2001.07.17"]
[Round "2"]
[White "Fant, Goran"]
[Black "Auchenberg, Einar"]
[Result "1/2-1/2"]
[WhiteElo "2043"]
[BlackElo "1614"]
[PlyCount "113"]
[EventDate "2001.07.16"]
[EventType "swiss"]
[EventRounds "11"]
[EventCountry "DEN"]
[SourceDate "2004.01.01"]

1. d4 d5 2. e3 b6 3. f4 Ba6 4. Bd3 Bxd3 5. Qxd3 Nf6 6. Nf3 Nc6 7. c3 g6 8. O-O
Bg7 9. Bd2 O-O 10. Be1 Qd7 11. Nbd2 Qg4 12. Ne5 Nxe5 13. fxe5 Nd7 14. h3 Qe6
15. Bh4 h6 16. Rf3 Bxe5 17. dxe5 Nxe5 18. Qd4 Nxf3+ 19. Nxf3 c5 20. Qe5 Qxe5
21. Nxe5 g5 22. Bg3 f6 23. Ng6 Rfe8 24. h4 e5 25. Rf1 Re6 26. Kh2 Rae8 27. Rf5
b5 28. Kh3 Kh7 29. h5 a5 30. Kg4 b4 31. Bxe5 fxe5 32. Nf8+ Kg7 33. Nxe6+ Rxe6
34. Rf2 d4 35. Rd2 dxe3 36. Rd7+ Kf6 37. Kf3 bxc3 38. bxc3 g4+ 39. Kxe3 Kg5 40.
Rd5 Kxh5 41. g3 Kg6 42. Rxc5 Rf6 43. c4 Rf3+ 44. Ke4 Rxg3 45. Rxe5 Ra3 46. Kf4
g3 47. Re6+ Kg7 48. Re2 h5 49. Kg5 Rf3 50. Rg2 Rf2 51. Rxg3 Rxa2 52. Rc3 a4 53.
c5 a3 54. c6 Rg2+ 55. Kxh5 a2 56. Ra3 Rc2 57. c7 1/2-1/2

[Event "23. Copenhagen Open  (Politiken Cup)"]
[Site "Copenhagen"]
[Date "2001.07.17"]
[Round "2"]
[White "Furu, Thormod"]
[Black "Andersen, Rune"]
[Result "0-1"]
[WhiteElo "1775"]
[BlackElo "2064"]
[PlyCount "130"]
[EventDate "2001.07.16"]
[EventType "swiss"]
[EventRounds "11"]
[EventCountry "DEN"]
[SourceDate "2004.01.01"]

1. e4 c5 2. Nc3 Nc6 3. g3 g6 4. Bg2 Bg7 5. d3 e5 6. Nh3 d6 7. O-O Nh6 8. Nd5
O-O 9. c3 f6 10. f4 Be6 11. Ne3 Qd7 12. Nf2 exf4 13. gxf4 f5 14. Nh1 Rab8 15.
Ng3 Ne7 16. Nd5 fxe4 17. dxe4 Nxd5 18. exd5 Bh3 19. Qd3 Rbe8 20. Bd2 b5 21.
Rae1 c4 22. Qf3 Bg4 23. Qf2 b4 24. Rxe8 Rxe8 25. Re1 Rxe1+ 26. Qxe1 a5 27. Qe4
Qa4 28. cxb4 Bxb2 29. Qxc4 Bd7 30. Qb3 Bd4+ 31. Kh1 Ng4 32. h3 Ne3 33. Qxa4
Bxa4 34. Bxe3 Bxe3 35. bxa5 Bxf4 36. a6 Be3 37. Bf1 Kf7 38. Ne4 Ke7 39. Nc3 Bd7
40. Bb5 Bxh3 41. a4 Bc8 42. Na2 Kd8 43. Nb4 Kc7 44. a5 g5 45. Nc6 Bd7 46. a7
Bxc6 47. Bxc6 Bxa7 48. Kg2 Kd8 49. Bb5 Ke7 50. Bd3 h6 51. Bg6 Kf6 52. Bh5 Ke5
53. Bf7 Kf4 54. a6 g4 55. Bg6 Kg5 56. Bd3 h5 57. Bf1 Kf4 58. Kh2 h4 59. Bg2 Ke3
60. Bf1 Kf2 61. Bg2 Bd4 62. Be4 Be3 63. Bg2 h3 64. Be4 Bf4+ 65. Kh1 g3 0-1

[Event "23. Copenhagen Open  (Politiken Cup)"]
[Site "Copenhagen"]
[Date "2001.07.17"]
[Round "2"]
[White "Gorecki, Zbigniew"]
[Black "Hau, Helge"]
[Result "1-0"]
[WhiteElo "2000"]
[BlackElo "1525"]
[PlyCount "112"]
[EventDate "2001.07.16"]
[EventType "swiss"]
[EventRounds "11"]
[EventCountry "DEN"]
[SourceDate "2004.01.01"]

1. d4 f5 2. e4 fxe4 3. Nc3 Nf6 4. Bg5 d5 5. Bxf6 exf6 6. Qh5+ g6 7. Qxd5 Qxd5
8. Nxd5 Kd8 9. Nxf6 Bg7 10. Nxe4 Bf5 11. f3 Re8 12. Bd3 Bxd4 13. O-O-O Be3+ 14.
Kb1 Re7 15. Ne2 Nc6 16. c3 Kc8 17. N2g3 a5 18. Nxf5 gxf5 19. Nf6 f4 20. Nd5 Rf7
21. Nxe3 fxe3 22. Rhe1 Re7 23. Be4 Ra6 24. Rxe3 Kb8 25. Rde1 Rg7 26. g3 b5 27.
Bxc6 Rxc6 28. Re7 Rcg6 29. Rxg7 Rxg7 30. Re5 c6 31. g4 Rf7 32. Re3 Kc7 33. Rd3
c5 34. Kc2 c4 35. Re3 Kd6 36. Kd2 h5 37. g5 h4 38. Ke2 Rf5 39. Re4 Rxg5 40. Kf2
h3 41. Rg4 Rd5 42. Rd4 Kc5 43. Rxd5+ Kxd5 44. Ke3 Ke5 45. f4+ Kf5 46. Kf3 b4
47. a3 bxa3 48. bxa3 a4 49. Ke3 Ke6 50. Ke4 Kf6 51. f5 Kg5 52. Ke5 Kg4 53. f6
Kf3 54. f7 Kg2 55. f8=Q Kxh2 56. Kd4 Kg2 1-0

[Event "23. Copenhagen Open  (Politiken Cup)"]
[Site "Copenhagen"]
[Date "2001.07.17"]
[Round "2"]
[White "Greiff, Hakan"]
[Black "Tolstrup, Thomas"]
[Result "1-0"]
[WhiteElo "2299"]
[BlackElo "2108"]
[PlyCount "69"]
[EventDate "2001.07.16"]
[EventType "swiss"]
[EventRounds "11"]
[EventCountry "DEN"]
[SourceDate "2004.01.01"]

1. e4 e6 2. d4 d5 3. Nd2 c5 4. Ngf3 Nc6 5. Bb5 Nf6 6. exd5 exd5 7. O-O Be7 8.
dxc5 O-O 9. Bxc6 bxc6 10. b4 a5 11. c3 Bg4 12. Nb3 axb4 13. cxb4 Ne4 14. Bb2
Qb8 15. a3 Qf4 16. Be5 Bxf3 17. Bxf4 Bxd1 18. Rfxd1 Bf6 19. f3 Nc3 20. Re1 Nb5
21. Be5 Bxe5 22. Rxe5 Rxa3 23. Rxa3 Nxa3 24. Nd4 Nc4 25. Re2 Rc8 26. Nxc6 Kf8
27. Nd4 Ra8 28. b5 Ra1+ 29. Kf2 Rb1 30. Ra2 g6 31. Ra8+ Ke7 32. Ra7+ Ke8 33. b6
Nxb6 34. cxb6 Rxb6 35. Ra5 1-0

[Event "23. Copenhagen Open  (Politiken Cup)"]
[Site "Copenhagen"]
[Date "2001.07.17"]
[Round "2"]
[White "Hansen, Gunnar West"]
[Black "Psakhis, Lev"]
[Result "0-1"]
[WhiteElo "2198"]
[BlackElo "2566"]
[PlyCount "58"]
[EventDate "2001.07.16"]
[EventType "swiss"]
[EventRounds "11"]
[EventCountry "DEN"]
[SourceDate "2004.01.01"]

1. g3 d5 2. Bg2 c6 3. d3 Nf6 4. Nd2 e5 5. Ngf3 Bd6 6. e4 O-O 7. O-O Re8 8. exd5
cxd5 9. c4 d4 10. Re1 Nc6 11. Ng5 Bf8 12. Nde4 h6 13. Nxf6+ Qxf6 14. Ne4 Qg6
15. f4 Bd7 16. a3 a5 17. Rb1 a4 18. Nf2 exf4 19. Bxf4 Rxe1+ 20. Qxe1 Re8 21.
Qd2 Nd8 22. b4 axb3 23. Rxb3 Bc6 24. Be4 f5 25. Bd5+ Kh7 26. Bc7 Ne6 27. Bxc6
bxc6 28. Bf4 Ra8 29. Rb6 Rxa3 0-1

[Event "23. Copenhagen Open  (Politiken Cup)"]
[Site "Copenhagen"]
[Date "2001.07.17"]
[Round "2"]
[White "Hansen, Ib Lynaes"]
[Black "Trarup, Jorgen"]
[Result "1-0"]
[WhiteElo "1866"]
[BlackElo "1298"]
[PlyCount "105"]
[EventDate "2001.07.16"]
[EventType "swiss"]
[EventRounds "11"]
[EventCountry "DEN"]
[SourceDate "2004.01.01"]

1. e4 c5 2. b3 a6 3. Bb2 d6 4. Nf3 e5 5. c3 Be7 6. d4 Bg4 7. Be2 Bh5 8. dxe5
Bxf3 9. gxf3 dxe5 10. Qxd8+ Bxd8 11. Rg1 Bf6 12. Nd2 b5 13. a4 bxa4 14. Rxa4
Ne7 15. Ra5 O-O 16. Rxc5 Ng6 17. Nc4 Ra7 18. Ne3 Rb7 19. Bc4 Rd8 20. Nd5 Rbd7
21. Rc7 Rxc7 22. Nxc7 a5 23. Nd5 Rd6 24. Ke2 Bd8 25. Bc1 Ne7 26. Ba3 Re6 27.
Nxe7+ Bxe7 28. Bxe6 Bxa3 29. Bd5 Be7 30. Ra1 Bd8 31. b4 axb4 32. Ra8 Bc7 33.
Ra7 Bd6 34. cxb4 Bxb4 35. Rxf7 Kh8 36. Rc7 h6 37. Rc8+ Kh7 38. Rxb8 Bc3 39. h4
g6 40. Rb7+ Kh8 41. Bf7 Kg7 42. Be8+ Kf6 43. Rb6+ Kg7 44. Bxg6 Bd4 45. Ra6 Bc3
46. h5 Bb2 47. Kd3 Bc1 48. Kc4 Bf4 49. Kd5 Bh2 50. Ke6 Bg1 51. Ra7+ Kf8 52. Kf6
Bxf2 53. Ra8# 1-0

[Event "23. Copenhagen Open  (Politiken Cup)"]
[Site "Copenhagen"]
[Date "2001.07.17"]
[Round "2"]
[White "Hassan, Omar Elsayed"]
[Black "Nilssen, John Arni"]
[Result "0-1"]
[WhiteElo "2100"]
[BlackElo "2333"]
[PlyCount "54"]
[EventDate "2001.07.16"]
[EventType "swiss"]
[EventRounds "11"]
[EventCountry "DEN"]
[SourceDate "2004.01.01"]

1. e4 c5 2. Nc3 Nc6 3. f4 g6 4. Nf3 Bg7 5. Bc4 e6 6. f5 Nge7 7. fxe6 fxe6 8. d3
d5 9. Bb3 b5 10. O-O c4 11. dxc4 dxc4 12. Qxd8+ Kxd8 13. Nxb5 cxb3 14. Ng5 Nd4
15. Rd1 bxc2 16. Rd3 Nec6 17. e5 Ba6 18. Nxe6+ Ke7 19. Nexd4 Nxd4 20. Bg5+ Kf8
21. Rf1+ Kg8 22. Rxd4 Bxb5 23. Re1 h6 24. Bd2 Kh7 25. a4 Rad8 26. Rxd8 Rxd8 27.
Ba5 Rd1 0-1

[Event "23. Copenhagen Open  (Politiken Cup)"]
[Site "Copenhagen"]
[Date "2001.07.17"]
[Round "2"]
[White "Hector, Jonny"]
[Black "Molvig, Henrik"]
[Result "1-0"]
[WhiteElo "2552"]
[BlackElo "2213"]
[PlyCount "81"]
[EventDate "2001.07.16"]
[EventType "swiss"]
[EventRounds "11"]
[EventCountry "DEN"]
[SourceDate "2004.01.01"]

1. e4 c5 2. Nf3 d6 3. d4 cxd4 4. Nxd4 Nf6 5. Nc3 a6 6. Bg5 e6 7. f4 Be7 8. Qf3
Qc7 9. O-O-O Nbd7 10. g4 b5 11. Bxf6 Nxf6 12. g5 Nd7 13. Kb1 b4 14. Nce2 Nc5
15. Bg2 Bb7 16. Qe3 g6 17. h4 O-O-O 18. c3 e5 19. cxb4 exd4 20. Nxd4 Kb8 21.
Rc1 Qd7 22. bxc5 dxc5 23. Nb3 Qd3+ 24. Qxd3 Rxd3 25. Na5 Ba8 26. Rhe1 Rg3 27.
Bf1 Rg4 28. Bc4 Rxh4 29. Bd5 Rxf4 30. Re3 Bxd5 31. exd5 Bd6 32. Rb3+ Kc7 33.
Rb7+ Kc8 34. Rb6 Kd7 35. Rxa6 Rb8 36. Nc4 Be7 37. Ra7+ Kd8 38. Ne5 Bxg5 39. Re1
Rc8 40. Nc6+ Rxc6 41. dxc6 1-0

[Event "23. Copenhagen Open  (Politiken Cup)"]
[Site "Copenhagen"]
[Date "2001.07.17"]
[Round "2"]
[White "Henrichsen, Jens"]
[Black "Tozer, Richard"]
[Result "0-1"]
[WhiteElo "2069"]
[BlackElo "2315"]
[PlyCount "40"]
[EventDate "2001.07.16"]
[EventType "swiss"]
[EventRounds "11"]
[EventCountry "DEN"]
[SourceDate "2004.01.01"]

1. d4 d5 2. c4 c6 3. Nf3 Nf6 4. Nc3 dxc4 5. a4 Bf5 6. e3 e6 7. Bxc4 Bb4 8. O-O
O-O 9. Nh4 Bg6 10. f3 Qa5 11. Nxg6 hxg6 12. Qb3 Nbd7 13. Rd1 e5 14. Na2 Bd6 15.
dxe5 Qxe5 16. f4 Qc5 17. Qd3 Bxf4 18. b4 Bxh2+ 19. Kxh2 Qe5+ 20. Kg1 Qxa1 0-1

[Event "23. Copenhagen Open  (Politiken Cup)"]
[Site "Copenhagen"]
[Date "2001.07.17"]
[Round "2"]
[White "Hesselberg, Leif"]
[Black "Bekker Jensen, David"]
[Result "0-1"]
[WhiteElo "1800"]
[BlackElo "2284"]
[PlyCount "124"]
[EventDate "2001.07.16"]
[EventType "swiss"]
[EventRounds "11"]
[EventCountry "DEN"]
[SourceDate "2004.01.01"]

1. d4 Nf6 2. Nf3 g6 3. c4 Bg7 4. Nc3 O-O 5. e4 d6 6. Be2 Na6 7. O-O e5 8. dxe5
dxe5 9. Qxd8 Rxd8 10. Bg5 Re8 11. Rfd1 Bg4 12. Rd2 c6 13. h3 Bxf3 14. Bxf3 h6
15. Be3 Bf8 16. Rad1 Nc5 17. g3 Ne6 18. Kg2 h5 19. h4 Kg7 20. a3 Bc5 21. Bxc5
Nxc5 22. b4 Nb3 23. Rd3 Nd4 24. R1d2 a5 25. b5 Nd7 26. Na4 Rac8 27. b6 c5 28.
Rb2 Rc6 29. Rd1 Ree6 30. Rdb1 Red6 31. Bd1 Ne6 32. Rb5 Rd3 33. Rxa5 Rxa3 34.
Ra8 Nxb6 35. Nxb6 Rxb6 36. Rxb6 Rxa8 37. Rxb7 Ra1 38. Be2 Nd4 39. Bf1 Re1 40.
Bd3 Rd1 41. Bf1 Rd2 42. Rc7 Ne6 43. Rc8 g5 44. hxg5 Nxg5 45. Rxc5 Rxf2+ 46. Kg1
Rc2 47. Bg2 f6 48. Rc8 Ne6 49. Rc6 Nd4 50. Rc7+ Kg6 51. Kh2 Nf3+ 52. Kh3 Ng5+
53. Kh2 Nf3+ 54. Kh3 Ng5+ 55. Kh2 Nxe4 56. Kh3 Ng5+ 57. Kh2 Nf3+ 58. Kh3 Ng5+
59. Kh2 e4 60. Kg1 Kf5 61. c5 Kg4 62. Kh2 Nf3+ 0-1

[Event "23. Copenhagen Open  (Politiken Cup)"]
[Site "Copenhagen"]
[Date "2001.07.17"]
[Round "2"]
[White "Hoff, Terje"]
[Black "Larsen, Karsten"]
[Result "0-1"]
[WhiteElo "2038"]
[BlackElo "2300"]
[PlyCount "62"]
[EventDate "2001.07.16"]
[EventType "swiss"]
[EventRounds "11"]
[EventCountry "DEN"]
[SourceDate "2004.01.01"]

1. d4 Nf6 2. c4 c5 3. d5 d6 4. Nc3 g6 5. e4 Bg7 6. Be2 O-O 7. Bg5 h6 8. Bh4 e5
9. dxe6 Bxe6 10. f4 Qa5 11. Qd2 Qb4 12. Rc1 Bxc4 13. a3 Qb3 14. e5 dxe5 15.
Bxf6 Bxf6 16. Ne4 Bh4+ 17. g3 Bxe2 18. Rc3 Qe6 19. Nxe2 Be7 20. O-O Nc6 21.
Nxc5 Bxc5+ 22. Rxc5 Rfe8 23. fxe5 Nxe5 24. Nd4 Qd6 25. Nb3 Qb6 26. Qd4 Rad8 27.
Qb4 Qe6 28. Nd4 Qg4 29. Rf4 Qd1+ 30. Kg2 Nd3 31. Rf1 Qxf1+ 0-1

[Event "23. Copenhagen Open  (Politiken Cup)"]
[Site "Copenhagen"]
[Date "2001.07.17"]
[Round "2"]
[White "Hvenekilde, Jorgen"]
[Black "Helin, Mikael"]
[Result "1-0"]
[WhiteElo "2267"]
[BlackElo "1984"]
[PlyCount "137"]
[EventDate "2001.07.16"]
[EventType "swiss"]
[EventRounds "11"]
[EventCountry "DEN"]
[SourceDate "2004.01.01"]

1. d4 g6 2. e4 d6 3. Be3 c6 4. Nc3 Bg7 5. Qd2 b5 6. f3 a6 7. h4 h6 8. g4 Nd7 9.
O-O-O Nb6 10. Nh3 a5 11. Nf2 a4 12. f4 Ba6 13. Nb1 Nf6 14. c3 Qb8 15. Na3 Qc7
16. Kb1 d5 17. e5 Ne4 18. Nxe4 dxe4 19. Bg2 b4 20. cxb4 Bd3+ 21. Ka1 Nd5 22.
Bf1 Bxf1 23. Rhxf1 Rb8 24. Nc2 a3 25. bxa3 h5 26. g5 e6 27. Rfe1 Qa7 28. Rb1
O-O 29. Rb3 Rfd8 30. Qe2 Rb6 31. Bc1 e3 32. Bxe3 Bf8 33. Bd2 Ra8 34. Kb1 Ne7
35. Ne3 Ra6 36. Qd3 Rd8 37. Bc3 Rxa3 38. Rxa3 Qxa3 39. Qc4 Nc8 40. Qb3 Qa6 41.
Nc4 Ne7 42. Ne3 Nc8 43. Bb2 Nb6 44. Rc1 Qb5 45. a3 Na4 46. Qc4 Nxb2 47. Kxb2
Qb6 48. Rd1 Rb8 49. Rc1 Rd8 50. Nc2 c5 51. dxc5 Qc6 52. Re1 Qg2 53. Re2 Qg4 54.
c6 Rc8 55. Rd2 Qxh4 56. Qa6 Rc7 57. Rd4 Qh1 58. b5 Qf1 59. Qb6 Rc8 60. Qb7 Re8
61. c7 h4 62. c8=Q Rxc8 63. Qxc8 Kg7 64. Qc4 Qf2 65. Rd3 Qf1 66. Rc3 Qg2 67. b6
Qb7 68. Qc7 Qa6 69. b7 1-0

[Event "23. Copenhagen Open  (Politiken Cup)"]
[Site "Copenhagen"]
[Date "2001.07.17"]
[Round "2"]
[White "Jacobsen, Bo"]
[Black "Nielsen, Nicholas Roland"]
[Result "1-0"]
[WhiteElo "2274"]
[BlackElo "2065"]
[PlyCount "39"]
[EventDate "2001.07.16"]
[EventType "swiss"]
[EventRounds "11"]
[EventCountry "DEN"]
[SourceDate "2004.01.01"]

1. c4 Nf6 2. g3 g6 3. Bg2 Bg7 4. Nc3 O-O 5. d4 d6 6. Nf3 c6 7. O-O Qa5 8. e4
Qh5 9. Ne1 Bg4 10. Qb3 Nbd7 11. f3 Bh3 12. Nd3 e5 13. dxe5 dxe5 14. Qxb7 Nb6
15. b3 Rfd8 16. Nf2 Bc8 17. Qxc6 Nfd7 18. Be3 Ba6 19. Nd5 Kh8 20. Nxb6 1-0

[Event "23. Copenhagen Open  (Politiken Cup)"]
[Site "Copenhagen"]
[Date "2001.07.17"]
[Round "2"]
[White "Jakobsen, Ole"]
[Black "Kleinschroth, Roland"]
[Result "1-0"]
[WhiteElo "2398"]
[BlackElo "2160"]
[PlyCount "83"]
[EventDate "2001.07.16"]
[EventType "swiss"]
[EventRounds "11"]
[EventCountry "DEN"]
[SourceDate "2004.01.01"]

1. d4 d5 2. Nf3 Nc6 3. g3 Bg4 4. Bg2 Qd7 5. h3 Bf5 6. c3 O-O-O 7. b4 f6 8. Nbd2
e5 9. b5 e4 10. bxc6 Qxc6 11. Nh4 Be6 12. g4 Qxc3 13. Rb1 Qxd4 14. Qb3 b6 15.
Bxe4 Bxg4 16. hxg4 dxe4 17. Qe6+ Kb8 18. Qxe4 Nh6 19. Rg1 Bc5 20. Qxd4 Rxd4 21.
Ndf3 Rxg4 22. Bxh6 Rxg1+ 23. Nxg1 gxh6 24. Rd1 Rg8 25. Ngf3 Kc8 26. Nf5 h5 27.
Kf1 Rg4 28. e3 a5 29. N3d4 h4 30. Ke2 h3 31. Rh1 h2 32. Rxh2 Rg1 33. f4 Rb1 34.
Kd3 b5 35. Kc2 Rb4 36. Rxh7 Ra4 37. Nxb5 Bb6 38. Nc3 Rc4 39. Kd3 Rb4 40. Ne7+
Kb7 41. Ned5 Rb2 42. Rf7 1-0

[Event "23. Copenhagen Open  (Politiken Cup)"]
[Site "Copenhagen"]
[Date "2001.07.17"]
[Round "2"]
[White "Jensen, Dan Bronnum"]
[Black "Rasmussen, Henning"]
[Result "1-0"]
[WhiteElo "1324"]
[BlackElo "1925"]
[PlyCount "77"]
[EventDate "2001.07.16"]
[EventType "swiss"]
[EventRounds "11"]
[EventCountry "DEN"]
[SourceDate "2004.01.01"]

1. e4 c5 2. Nc3 Nc6 3. f4 e6 4. Nf3 d5 5. exd5 exd5 6. Qe2+ Be7 7. g3 Nf6 8.
Bg2 O-O 9. O-O Bg4 10. Qf2 d4 11. Na4 Be6 12. b3 Bd5 13. d3 b5 14. Nb2 Ng4 15.
Qe2 Bf6 16. Ne5 Ngxe5 17. fxe5 Bxe5 18. Bf4 f6 19. a4 b4 20. Nc4 Bxg2 21. Qxg2
Qd7 22. Rae1 Bxf4 23. Rxf4 Rae8 24. Rfe4 Kh8 25. Qe2 Rxe4 26. Qxe4 Ne5 27. Nxe5
fxe5 28. Qxe5 Qf7 29. Qe2 h6 30. Qg2 Kg8 31. Re5 Rc8 32. Qe2 Kf8 33. Qg4 Qc7
34. Qe4 Kg8 35. Re7 Qd6 36. Rxa7 Rf8 37. Re7 Kh8 38. Qe6 {tid} Qd8 39. Qe2 1-0

[Event "23. Copenhagen Open  (Politiken Cup)"]
[Site "Copenhagen"]
[Date "2001.07.17"]
[Round "2"]
[White "Jepson, Christian"]
[Black "Bleis, Christian"]
[Result "1-0"]
[WhiteElo "2373"]
[BlackElo "2126"]
[PlyCount "61"]
[EventDate "2001.07.16"]
[EventType "swiss"]
[EventRounds "11"]
[EventCountry "DEN"]
[SourceDate "2004.01.01"]

1. d4 Nf6 2. Nf3 c5 3. d5 e6 4. c4 exd5 5. cxd5 d6 6. Nc3 g6 7. e4 Bg7 8. Bg5
a6 9. Nd2 O-O 10. a4 Re8 11. Be2 Nbd7 12. O-O h6 13. Bh4 g5 14. Bg3 Nf8 15. Qc2
Ng6 16. Nc4 Nf4 17. a5 Qe7 18. Rfe1 Nd7 19. Na4 Rb8 20. Qd2 Qf6 21. Bf1 Ne5 22.
Nxe5 Qxe5 23. Rac1 Bd7 24. Nb6 Bb5 25. b4 Bxf1 26. Kxf1 Qb2 27. Qxb2 Bxb2 28.
Rc2 Ba3 29. Bxf4 gxf4 30. bxc5 Kg7 31. c6 {time} 1-0

[Event "23. Copenhagen Open  (Politiken Cup)"]
[Site "Copenhagen"]
[Date "2001.07.17"]
[Round "2"]
[White "Jorgensen, Michael"]
[Black "Nielsen, Frode Benedikt"]
[Result "1-0"]
[WhiteElo "2290"]
[BlackElo "1834"]
[PlyCount "85"]
[EventDate "2001.07.16"]
[EventType "swiss"]
[EventRounds "11"]
[EventCountry "DEN"]
[SourceDate "2004.01.01"]

1. d4 Nf6 2. c4 d6 3. Nc3 Nbd7 4. e4 e5 5. Nf3 Be7 6. Be2 O-O 7. O-O Ne8 8. Qc2
c6 9. Rd1 Qc7 10. Rb1 a6 11. b4 exd4 12. Nxd4 b5 13. a4 bxc4 14. Bxc4 Ne5 15.
Be2 Bf6 16. h3 a5 17. b5 c5 18. Nd5 Qb7 19. Nc6 Be6 20. Bd2 Nxc6 21. bxc6 Qxc6
22. Bb5 Qc8 23. Nb6 Qb7 24. Nxa8 Qxa8 25. Be3 Be7 26. Bf4 d5 27. exd5 Bxd5 28.
f3 Bd6 29. Bxd6 Nxd6 30. Qd2 Nxb5 31. Rxb5 Bxf3 32. gxf3 Qxf3 33. Qd3 Qh5 34.
Rf1 Qg5+ 35. Kh1 Rd8 36. Qf3 f6 37. Qb3+ Kf8 38. Rb8 Rxb8 39. Qxb8+ Kf7 40.
Qc7+ Kf8 41. Qd8+ Kf7 42. Qc7+ Kf8 43. Rd1 1-0

[Event "23. Copenhagen Open  (Politiken Cup)"]
[Site "Copenhagen"]
[Date "2001.07.17"]
[Round "2"]
[White "Jorgensen, Orla Eilegaard"]
[Black "Nielsen, Henrik Lindholt"]
[Result "0-1"]
[WhiteElo "1403"]
[BlackElo "2005"]
[PlyCount "76"]
[EventDate "2001.07.16"]
[EventType "swiss"]
[EventRounds "11"]
[EventCountry "DEN"]
[SourceDate "2004.01.01"]

1. e4 e6 2. d4 d5 3. e5 c5 4. c3 Nc6 5. Nf3 Nge7 6. Bg5 cxd4 7. cxd4 Qb6 8.
Bxe7 Bxe7 9. Qb3 Bb4+ 10. Nc3 Nxd4 11. Nxd4 Qxd4 12. Bb5+ Ke7 13. O-O Bxc3 14.
bxc3 Qc5 15. Rac1 Rd8 16. Rfd1 Bd7 17. Be2 Bc6 18. Rd4 Rac8 19. Qc2 h6 20. f4
g6 21. Qd2 h5 22. f5 exf5 23. Qg5+ Ke8 24. e6 Qe7 25. exf7+ Kxf7 26. Qd2 Re8
27. Re1 Qe3+ 28. Qxe3 Rxe3 29. c4 Re4 30. Rxe4 dxe4 31. Bd1 Rd8 32. Kf2 Rd2+
33. Be2 Rxa2 34. Ke3 Kf6 35. Rf1 Ke5 36. h3 b5 37. cxb5 Rxe2+ 38. Kxe2 Bxb5+
0-1

[Event "23. Copenhagen Open  (Politiken Cup)"]
[Site "Copenhagen"]
[Date "2001.07.17"]
[Round "2"]
[White "Kaaber Hansen, Jacob"]
[Black "Lie, Terje"]
[Result "1-0"]
[WhiteElo "1846"]
[BlackElo "1100"]
[PlyCount "109"]
[EventDate "2001.07.16"]
[EventType "swiss"]
[EventRounds "11"]
[EventCountry "DEN"]
[SourceDate "2004.01.01"]

1. d4 Nf6 2. c4 e6 3. Nf3 Bb4+ 4. Bd2 Bxd2+ 5. Qxd2 b6 6. g3 Bb7 7. Bg2 d6 8.
O-O O-O 9. Nc3 a6 10. Qc2 Nbd7 11. Rad1 Qe7 12. e4 Rfe8 13. e5 Ng4 14. h3 Nh6
15. Ng5 Qxg5 16. Bxb7 Ra7 17. Bc6 Rd8 18. Rfe1 Nf8 19. h4 Qe7 20. Be4 f5 21.
exf6 Qxf6 22. Re3 c5 23. Rf3 Qe7 24. dxc5 bxc5 25. Re1 Ng4 26. b3 Ne5 27. Rfe3
Qf6 28. f4 Ng4 29. Rd3 Rf7 30. Red1 Qe7 31. Qd2 Nf6 32. Rxd6 Rxd6 33. Qxd6 Qa7
34. Qc6 Rc7 35. Qa8 Nxe4 36. Qxa7 Rxa7 37. Nxe4 Nd7 38. Rd6 e5 39. f5 a5 40.
Rc6 Nf6 41. Nxf6+ gxf6 42. Rxf6 Rf7 43. Rc6 Rxf5 44. Rxc5 Kf7 45. Rxa5 Kg6 46.
Kg2 Kf6 47. Rd5 Ke6 48. a4 Rf6 49. g4 e4 50. Rf5 Rg6 51. Kg3 h5 52. Rxh5 Rf6
53. Rf5 Rxf5 54. gxf5+ Kxf5 55. a5 1-0